Cultura do impresso e a recepção do e-book no Brasil : (Record no. 191006)
[ view plain ]
| 000 -CABECERA | |
|---|---|
| campo de control de longitud fija | 02346nab a2200289 a 4500 |
| 005 - FECHA Y HORA DE LA ÚLTIMA TRANSACCIÓN | |
| campo de control | 20210219163236.0 |
| 008 - ELEMENTOS DE LONGITUD FIJA--INFORMACIÓN GENERAL | |
| campo de control de longitud fija | 991125s1985 mx 000 0 spa u |
| 035 ## - NÚMERO DE CONTROL DEL SISTEMA | |
| Número de control de sistema | UPN01000218906 |
| 049 ## - COLECCIÓN | |
| Colección | ART |
| 100 1# - ASIENTO PRINCIPAL--NOMBRE PERSONAL | |
| Nombre de persona | Heller, Barbara |
| 100 1# - ASIENTO PRINCIPAL--NOMBRE PERSONAL | |
| Filiación | b.heller@terra.com.br |
| 100 1# - ASIENTO PRINCIPAL--NOMBRE PERSONAL | |
| Nombre de persona | Junior, José de Mello |
| 100 1# - ASIENTO PRINCIPAL--NOMBRE PERSONAL | |
| Filiación | jomelloj@gmail.com |
| 222 #0 - TÍTULO CLAVE | |
| Título clave | ESTUDIOS SOBRE LAS CULTURAS CONTEMPORANEAS |
| 245 00 - MENCIÓN DE TÍTULO | |
| Título | Cultura do impresso e a recepção do e-book no Brasil : |
| Resto del título | resultados de uma pesquisa quantitativa com leitores nativos e imigrantes digitais |
| 260 ## - PUBLICACIÓN, DISTRIBUCIÓN, ETC. | |
| Lugar de publicación, distribución, etc. | Colima, México |
| 300 ## - DESCRIPCIÓN FÍSICA | |
| Extensión | 135-159 |
| 362 0# - FECHAS DE PUBLICACIÓN Y/O DESIGNACIÓN SECUENCIAL | |
| Fecha de publicación y/o designación secuencial | 2017 3a época, volumen 23, número 3, especial |
| 520 3# - NOTA DE RESUMEN, ETC. | |
| Sumario, etc. | La lentitud de la introducción del formato de libro electrónico en Brasil contradice numerosas predicciones deterministas hechas en relación con la cultura impresa en decadencia y difiere significativamente de lo que pasó para digitalizar otros medios de comunicación. Este estudio tuvo como objetivo identificar la forma política, los factores económicos y culturales que han actuado en el proceso de introducción de libros electrónicos. La encuesta de 793 lectores universitarios, en cinco regiones del país, entre octubre de 2015 y de abril de 2016, con el método de investigación cuantitativa y cuestionarios, trató de medir la adherencia de este público a leer textos largos y libros electrónicos en las pantallas, así como el apego de éstos a la cultura del libro impreso. La conclusión a que se llegó es que, aunque haya pasado más de 25 años, el e-book, como un formato comercial, no ocupa, en absoluto, el papel hegemónico en relación con el impreso entre los lectores universitarios brasileños. Los smartphones y ordenadores personales compiten como interfaces de lectura con los libros electrónicos. Esto ocurre tanto entre los nativos digitales, es decir, entre los nacidos a partir de la década de 1990, como entre los lectores inmigrantes digitales, los que no han tenido acceso a la tecnología digital en su niñez y adolescencia |
| 653 0# - TERMINO DE INDIZACION - NO CONTROLADO | |
| Término no controlado | LIBRO DIGITAL |
| 653 0# - TERMINO DE INDIZACION - NO CONTROLADO | |
| Término no controlado | BRASIL |
| 653 0# - TERMINO DE INDIZACION - NO CONTROLADO | |
| Término no controlado | INMIGRANTES DIGITALES |
| 653 0# - TERMINO DE INDIZACION - NO CONTROLADO | |
| Término no controlado | NATIVOS DIGITALES |
| 653 0# - TERMINO DE INDIZACION - NO CONTROLADO | |
| Término no controlado | LIBRO IMPRESO |
| 856 4# - LOCALIZACIÓN Y ACCESO ELECTRÓNICOS | |
| Identificador Uniforme del Recurso | <a href="http://www.culturascontemporaneas.com/contenidos/08%20Cultura%20do%20impresso%20135-159.pdf">http://www.culturascontemporaneas.com/contenidos/08%20Cultura%20do%20impresso%20135-159.pdf</a> |
| 905 ## - TIPO DE MATERIAL | |
| Tipo de material | Articulo |
No items available.
